History Quiz

Random History or Nation Quiz

League of Nations Members Quiz Stats

 Plays Quiz Updated Feb 11, 2012

Also try: UN-sanctioned
Challenge
Share
Tweet
Score 0/43 Timer 06:00
4 Plays Today
Joining Date Country % Correct
Founding Member (1919)United Kingdom
98.2%
Founding Member (1919)France
96.3%
Founding Member (1919)Canada
89.5%
Founding Member (1919)China
89.2%
Founding Member (1919)Sweden
87.8%
September 23rd, 1931Mexico
85.3%
Founding Member (1919)Norway
85.3%
Founding Member (1919)Portugal
84.5%
Founding Member (1919)Australia
81.7%
Founding Member (1919)Poland
81.3%
December 16th, 1920Finland
81.3%
Founding Member (1919)Argentina
79.3%
Founding Member (1919)Denmark
79.2%
Founding Member (1919)Belgium
79.1%
Founding Member (1919)Netherlands
77.2%
May 26th, 1937Egypt
76.6%
Founding Member (1919)India
76%
Founding Member (1919)Greece
75.9%
July 18th, 1932Turkey
75.5%
Founding Member (1919)Switzerland
73.9%
September 10th, 1923Ireland
73.1%
Founding Member (1919)South Africa
70%
Joining Date Country % Correct
Founding Member (1919)New Zealand
69.4%
Founding Member (1919)Iran (Persia)
65.7%
December 16th, 1920Luxembourg
61.9%
October 3rd, 1932Iraq
61.4%
Founding Member (1919)Colombia
58.7%
Founding Member (1919)Yugoslavia
56.2%
Founding Member (1919)Cuba
55.6%
Founding Member (1919)Uruguay
51.5%
December 16th, 1920Bulgaria
50.9%
December 17th, 1920Albania
49%
Founding Member (1919)Panama
48.2%
Founding Member (1919)Bolivia
48.2%
Founding Member (1919)Thailand (Siam)
46.4%
September 22nd, 1921Latvia
45.1%
September 22nd, 1921Lithuania
44.7%
September 28th, 1934Ecuador
44.3%
September 22nd, 1921Estonia
43.7%
September 27th, 1934Afghanistan
40.2%
September 28th, 1923Abyssinia (Ethiopia)
39.5%
September 29th, 1924Dominican Republic
30.7%
Founding Member (1919)Liberia
20.6%

You're not logged in!

Compare scores with friends on all Sporcle quizzes.
Join for Free
OR
Log In

You Might Also Like...

Show Comments

Extras

Top Quizzes Today


Score Distribution

Your Account Isn't Verified!

In order to create a playlist on Sporcle, you need to verify the email address you used during registration. Go to your Sporcle Settings to finish the process.

Report this User

Report this user for behavior that violates our Community Guidelines.

Details: